000 00402nam a22001697a 4500
003 MPLRDC
005 20220104142728.0
008 210129b ||||| |||| 00| 0 eng d
082 _a710 YBC v.1
100 _a杨碧川编撰
245 _a世界史大辞典. 上
_c
250 _a初版
260 _a
_b远流出版社
_c1981
300 _b
650 _a世界历史
942 _cBK
_o710 YBC v.1
999 _c33245
_d33235